000 00253nam a2200109 4500
008 160702b xxu||||| |||| 00| 0 eng d
100 _91864
_a Vas, G
245 _aAntonyms
260 _aNew Delhi
_bSterling
_c1995
300 _aAntonyms
942 _2ddc
_cBK
999 _c1566
_d1566